Welcome to the Holygrace Academy Library

Please use search bar below to get started

NINNILTHANNE VISHWASIKUKA (Record no. 7111)

MARC details
000 -LEADER
fixed length control field 00315nam a22001337a 4500
020 ## - INTERNATIONAL STANDARD BOOK NUMBER
ISBN 978-93-5732-062-7
082 ## - DEWEY DECIMAL CLASSIFICATION NUMBER
Classification number 894.812
Item number JOS/N
100 ## - MAIN ENTRY--AUTHOR NAME
Personal name MURPHY, JOSEPH
245 ## - TITLE STATEMENT
Title NINNILTHANNE VISHWASIKUKA
260 ## - PUBLICATION, DISTRIBUTION, ETC. (IMPRINT)
Place of publication KOTTAYAM
Name of publisher DC BOOKS
Year of publication 2023
300 ## - PHYSICAL DESCRIPTION
Number of Pages 78
650 ## - SUBJECT ADDED ENTRY--TOPICAL TERM
Topical Term MALAYALAM LITERATURE
Geographic subdivision KERALA
942 ## - ADDED ENTRY ELEMENTS (KOHA)
Koha item type Books
Holdings
Withdrawn status Lost status Collection code Home library Current library Shelving location Date acquired Source of acquisition Cost, normal purchase price Full call number Accession Number Koha item type
    Fiction Main Library Main Library NEW SHELF WITH NEW ENTRY 26/10/2023 purchase 110.00 894.812 JOS/N 13191 Books